| 000 | 00594nam a2200181Ia 4500 | ||
|---|---|---|---|
| 008 | 090123s9999 xx 000 0 und d | ||
| 082 | _b1151 | ||
| 100 | _aसबनीस वसंत | ||
| 245 | _aमाझे घरटे माझी पिल्ले | ||
| 250 | _a1 | ||
| 260 | _bकुलकर्णी अ.अ. | ||
| 300 | _a93 | ||
| 600 | _aसबनीस वसंत | ||
| 630 | _aमाझे घरटे माझी पिल्ले | ||
| 700 | _aसबनीस वसंत | ||
| 730 | _aमाझे घरटे माझी पिल्ले | ||
| 942 | _cBOOK | ||
| 999 |
_c39235 _d39235 |
||